01278 a2200193 4500003000500000005001700005040000900022082001900031100004200050245006600092260002700158300002900185505061500214600005600829650004100885942001200926999001900938952012700957Nust20221223192142.0 cNust a621.384135,SCH aSchelkunoff, Sergei Alexander9105787 aAntennas theory and practice /cSergei Alexander Schelkunoff, aWiley,bNew Yorkc1952 axxii, 639 pbillusc24cm aPhysical Principles of Radiation (Page-1), Maxwell’s Equations (Page-61), Planes Waves (Page-81), Spherical Waves (Page-97), Directive Radiation (Page-139), Directivity and Effective Area (Page-179), Waves Over Ground (Page-201), Antenna Current (Page-213), Impedance, Reciprocity, Equivalence (Page-271), Small Antennas (Page-302), Self-Resonant Antennas (Page-332), General Theory of Linear Antenna (Page-361), Impedance of Dipole Antennas (Page-403), Rhombic Antennas (Page-457), Linear Antenna Systems (Page-474), Horns (Page-515), Slot Antennas (Page-537), Reflectors (Page-560), Lenses (Page-573).  aSchelkunoff, S. A. (Sergei Alexander), 1897-920203 aAntennas theory and practice9105788 2ddccBK c183437d183437 00102ddc4070aMCSbMCScGENd2016-12-12o621.384135,SCHpMCS7622r2016-12-08w2016-12-12yBKzAlmirah No.38, Shelf No.5